000 00332nam a2200121Ia 4500
008 220204s9999 xx 000 0 und d
082 _a681.3.068
_bVAN
100 _aVan Tassel, Dennie
245 0 _aProgram style, design, efficiency, debugging, and testing
250 _aEd.2
260 _aLondon
_bPrentice Hall
_c1978
942 _cBK
999 _c34676
_d34676